000 00720nam a22002297a 4500
999 _c724
_d724
003 AR-CdUCM
008 190225b ||||| |||| 00| 0 spa d
040 _aMUNICIPALIDAD PROVINCIAL DEL CUSCO
_cBIBLIOTECA MUNICIPAL DEL CUSCO
082 _a802.82 /
_bSA26
100 _aSartre, Jean Paul
_9911
245 _aTeatro :
_bLos Secuestrados de Altona /
_cSartre, Jean Pau
260 _aBuenos Aires :
_bLosada,
_c1961.
300 _a170 paginas ;
_c25cm.
500 _aGran teatro del Mundo
505 _aEscena I -- Escena II -- Escena III
650 _aLiteratura
_983
650 _aSiglo XX
_98
650 _aTeatro
_9173
700 _aAsturias, Miguel Angel
_92136
942 _2ddc
_cLIBROS
945 _apjha
_d2019-02-25